Najwięcej meczy w fifa 21 - Statystyki

Ogólne statystyki
  • Ten quiz został rozwiązany 275 razy
  • Średni wynik to 9 z 21
Statystyki odpowiedzi
Podpowiedź Odpowiedź % Poprawnych
35,531,621 Mbappe
89%
20,105,735 Ronaldo
89%
36,052,886 Neymar
81%
51,613,685 Varane
80%
38,065,764 Mendy
79%
23,480,545 Gomez
63%
43,414,490 Kante
57%
27,589,407 Walker
55%
35,762,924 Rashford
50%
21,705,167 Alisson
48%
33,894,948 Pogba
48%
26,552,054 Van Dijk
35%
24,686,995 Salah
33%
29,575,655 Mane
32%
18,693,622 De Bruyne
25%
18,436,801 Aubameyang
23%
22,913,529 Son
20%
21,221,258 Bruno
13%
16,501,378 Wijnaldum
9%
17,106,252 Rashford if
2%
24,988,719 Sanches if
2%
Nie znaleziono quizów pasujących do podanych kryteriów
Rozkład punktacji
Procent ludzi z każdym wynikiem
Percentyl według liczby udzielonych odpowiedzi
Twoja historia wyników
Nie rozwiązałeś tego quizu